Qual é o País? - Statistics

Estatísticas Gerais
  • Esse quiz foi jogado 228 vezes
  • A pontuação média é 9 de 15
Estatísticas das Respostas
Questão Resposta % Correto
O território da Mongólia é de qual formato?
90%
Cite um país báltico Lituânia
90%
Os únicos dos países da América do Sul que não fazem fronteira com o Brasil são Equador e Chile
89%
Um país asiático conhecido por ter participado da antiga União Soviética Cazaquistão
82%
É lembrado sempre pela organização Japão
75%
A Ilha de Páscoa pertence a qual país? Chile
67%
Qual desses países é conhecido por ser um paraíso fiscal? Monaco
62%
Qual desses países nunca foi invadido pelos Estados Unidos? Cazaquistão
56%
Anita Garibaldi (1821-1849) foi uma revolucionária que participou do processo de unificação italiana, qual era sua nacionalidade? Brasileira
49%
Marie Curie, única pessoa da história a ganhar 2 prêmios Nobel em diferentes categorias, deu o nome de seu país de origem a um elemento químico como uma forma de homenagem. Qual era o país e o elemento? Polônia e Polônio
49%
Uma pergunta sobre os estados do Brasil: a revolta da Balaiada ocorreu no Maranhão
46%
O Irã é um dos maiores países do Oriente Médio, com qual desses ele NÃO faz fronteira? Arábia Saudita
43%
Luis Fernando Veríssimo é um escritor Gaúcho
43%
O ex-presidente Gamal Abdel Nasser (1918-1970) era Egípcio
34%
Jorge Vargas Llosa, Gabriel García Márquez e Júlio Cortázar são escritores de que respectivos países? Peru, Colômbia e Argentina
21%
Nenhum quiz correspondente encontrado
Distribuição das Pontuações
Porcentagem de Pessoas com Cada Pontuação
Percentil de Números Respondidos
Sua Pontuação Histórica
Você não jogou esse quiz